Statistics for Denver Nuggets Trivia

Click here to take the quiz!

General Stats

  • This quiz has been taken 2,035 times
    (1,028 since last reset)
  • The average score is 9 of 13

Answer Stats

HintAnswer% Correct
Serbian-born center who was the NBA Finals MVP in 2023Nikola Jokić
99%
Player that the Nuggets drafted #3 overall in 2003, behind only LeBron James
and Darko Miličić
Carmelo Anthony
89%
7'2" Congolese center who was known for wagging his finger after blocking shotsDikembe Mutombo
84%
Flashy player that the Nuggets acquired from Philadelphia in 2006Allen Iverson
81%
Current head coachMichael Malone
68%
1980s star who is still the highest-scoring player in franchise historyAlex English
67%
What former player Lafayette Lever is better known as{Fat} Lever
67%
What former player Nah'Shon Hyland is better known as{Bones} Hyland
64%
Pistons star the Nuggets traded that same player for in 2008Chauncey Billups
61%
During the 1980s and 1990s, the Nuggets were historically bad at _____
Defense
56%
Team that the Nuggets beat in the first round of the 1994 playoffs,
becoming the first #8 seed to beat a #1 seed
Seattle Supersonics
51%
Arena of the Denver Nuggets{Ball} Arena
48%
First name of former player VanDeWegheKiki
47%

Score Distribution

Percentile by Number Answered

Percent of People with Each Score

Your Score History

You have not taken this quiz since the last reset